Fast Typing: Alphabet Edition - Statistics

General Stats
  • This quiz has been taken 1,286 times
    1,284 since last reset
  • The average score is 9 of 13
Answer Stats
Hint Answer % Correct
A B
98%
C D
95%
E F
91%
G H
87%
I J
84%
K L
80%
M N
76%
O P
72%
Q R
66%
S T
59%
U V
50%
W X
41%
Y Z
38%
No matching quizzes found
Score Distribution
Percent of People with Each Score
Percentile by Number Answered
Your Score History
You have not taken this quiz since the last reset